| 000 | 00595nam a22002177a 4500 | ||
|---|---|---|---|
| 001 | 61992 | ||
| 003 | BD-RjUL | ||
| 005 | 20211209081028.0 | ||
| 008 | 170122b1964 enka|||| |||| 001 0 eng d | ||
| 035 | _a(BD-RjUL)62117 | ||
| 040 |
_aBD-RjUL _beng _cBD-RjUL _dBD-RjUL |
||
| 041 | _aeng | ||
| 082 |
_223 _a709.46 _bGUA 1964 |
||
| 100 |
_aGudiol, Jose _9184478 |
||
| 245 |
_aThe arts of Spain / _cJose Gudiol |
||
| 260 |
_aLondon : _bThames and Hudson, _c1964. |
||
| 300 |
_a318 p. : _bill. ; _c19 cm. |
||
| 500 | _aIncludes index. | ||
| 650 |
_aArt, Spanish _vHistory. _9184479 |
||
| 942 |
_2ddc _cBK |
||
| 999 |
_c61992 _d61992 |
||